000 00661nam a2200241Ia 4500
003 OSt
005 20220918191332.0
006 a|||||r|||| 00| 0
007 ta
008 220917b |||||||| |||| 00| 0 eng d
024 _a62,661
037 _cTextual
040 _aARTS
_cARTS
_beng
041 _2eng
_aeng
082 _aRv1.C, L3 (TTR)
100 _aHyland Drow A
_975749
245 0 _aOrigins of philosophy
_b its rise in myth and the pre socratics
260 _aN,Y
_bCapricorn Books
_c1973
300 _a383p.
_ccm.
650 _aPHILOSOPHY
942 _hRv1.C, L3 (TTR)
_cTEXL
_2CC
999 _c189325
_d189325